000 00322nam a2200133Ia 4500
005 20260328101508.0
008 260328s9999||||xx |||||||||||||| ||und||
100 _aKemery,Becky
245 0 _aYurts :
_b Living in the round /
_cBecky Kemery
260 _bGibbs Smith
300 _a146 p.
650 _aVIVIENDA
942 _cBK
999 _c9113
_d9113